Raffi /

Enregistré dans:
Détails bibliographiques
Auteur principal: Pomranz, Craig (Auteur)
Autres auteurs: Chamberlain, Margaret (Illustrateur)
Format: Livre
Langue:italien
Publié: Milano : Lo stampatello, 2014
Tags: Ajouter un tag
Pas de tags, Soyez le premier à ajouter un tag!

MARC

LEADER 00000nam a22000007i 4500
001 IT\ICCU\UBO\4077181
003 ItRI
005 20260115232205.0
008 140603s2014 it |||||| ||||| |||||c
020 |a 9788898312108 
040 |b ita  |c importazione bologna sebina 
041 7 |a ita  |2 ISO-639-2 
100 1 |a Pomranz, Craig  |0 IT\ICCU\UBOV\405911  |4 aut 
245 1 0 |a Raffi /  |c Craig Pomranz, Margaret Chamberlain. 
260 |a Milano :  |b Lo stampatello,  |c 2014 
300 |a [36] p. :  |b ill. ;  |c 28 cm 
500 |a Traduzione di Nicoletta Pardi 
700 1 |a Chamberlain, Margaret  |0 IT\ICCU\RAVV\043980  |4 ill 
942 |2 ddc  |c BK  |n 0 
952 |0 0  |1 0  |4 0  |6 R_813_600000000000000_POM  |7 0  |9 21676  |a BO  |b BO  |d 2026-01-15  |i 18129  |l 0  |o R 813.6 POM  |p BO18129  |r 2026-01-15 23:22:05  |w 2026-01-15  |x [Sebina 5] [1 v.]  |y BK  |z 1 v. 
999 |c 18514  |d 18514